000 00465cam a22001811 4500
003 OSt
005 20260511142132.0
008 770329s1954 xx 000 0 eng c
015 _aGB54-13440
020 _a03289
040 _cIRDP
082 _2320.56 MAS
100 1 _aMason, Philip.
245 0 3 _aAn essay on racial tension
260 _aLondon;
_bRoyal Institute of International Affairs,
_c1954.
504 _aBibliography: p. 147-149.
942 _2ddc
_cBOOKS
999 _c9728
_d9728